000 00643nam a2200253Ia 4500
003 OSt
005 20221007080409.0
006 a|||||r|||| 00| 0
007 ta
008 221006b |||||||| |||| 00| 0 eng d
024 _a40,841
037 _cAnnuals, Advances
040 _aFLL
_cFLL
_beng
041 _2eng
_aeng
082 _aZ2,94, Q3.1
100 _aMonir M.
245 0 _aLaw of evidence
250 _a16th
260 _aNew Delhi
_bUniversal Law Publishing Co. India
_c2013
300 _ad.p.
_ccm.
490 _vVol.-I
942 _hZ2,94, Q3.1
_cREF
_2CC
999 _c1159466
_d1159466